000
00298nam a2200133Ia 4500
008
240624s9999 xx 000 0 und d
041
_a
eng
082
_a
413 MIT
100
_a
MITTAL D P
245
_a
LAW DICTIONARY
260
_a
New Delhi
_b
Taxmann
300
_a
460 : p. : cm. ; 24
365
_c
RS
999
_c
2590
_d
2590